| 000 | 00636nam a2200193 i 4500 | ||
|---|---|---|---|
| 001 | 45413 | ||
| 003 | ES-MaACL | ||
| 005 | 20230906161220.0 | ||
| 007 | t| | ||
| 008 | 030326s1934 sp ||||1| spa d | ||
| 100 | 1 |
_aCoello Vallarino, R. _939462 |
|
| 245 | 1 | 3 |
_aEl aceite de chaulmoogra : _bresultados de su empleo en el tracoma / _cR. Coello Vallarino. |
| 260 |
_aBarcelona : _b[s.n.], _c1934 ( _fTip. Laboratorios del Norte de España) |
||
| 300 |
_a13 p. ; _c21 cm. |
||
| 650 | 4 |
_aAceite de chaulmoogra. _9173207 |
|
| 650 | 4 |
_aTracoma. _9151069 |
|
| 710 | 2 |
_aLaboratorios del Norte de España. _95476 |
|
| 852 |
_aES-MaACL _j1783-F-3 |
||
| 999 |
_c45413 _d45413 |
||